تمہيں يا د ہو کہ نہ يا د ہو / (Record no. 70344)

MARC details
000 -LEADER
fixed length control field 00802nam a22001937a 4500
005 - DATE AND TIME OF LATEST TRANSACTION
control field 20200128104458.0
010 ## - LCCN (DPL NO)
LC control number B-472653-54,UR-8066, UR-8067
020 ## - INTERNATIONAL STANDARD BOOK NUMBER
Terms of availability 400.00
International Standard Book Number 8188413704
020 ## - INTERNATIONAL STANDARD BOOK NUMBER
Terms of availability 400.00
035 ## - SYSTEM CONTROL NUMBER
System control number B-472653-54,U-6621, U-6622
037 ## - SOURCE OF ACQUISITION
Source of stock number/acquisition BPPD
082 ## - DEWEY DECIMAL CLASSIFICATION NUMBER
Classification number 846
245 ## - TITLE STATEMENT
Title تمہيں يا د ہو کہ نہ يا د ہو /
Statement of responsibility, etc مر تبہ - شير ين زبا ن خا نم
Remainder of title (خطو ط بنا م لطف الر حمان) (حصہ اول)
246 ## - VARYING FORM OF TITLE
Title proper/short title Tumhe yaad Ho Ke Na yaad Ho vol. II /
Remainder of title Collection of Letters- Prof.Lutfur Rehman
260 ## - PUBLICATION, DISTRIBUTION, ETC. (IMPRINT)
Place of publication, distribution, etc New Delhi
Name of publisher, distributor, etc M.R. Publications
Date of publication, distribution, etc 2010 ء
270 ## - ADDRESS
Address 10 Metropole Market, 2724-25 First Floor, Kucha Chelan, Daryaganj
City New Delhi
Postal code 110002
300 ## - PHYSICAL DESCRIPTION
Extent v2(320,342)p.
Dimensions 22cm(Hb)
942 ## - ADDED ENTRY ELEMENTS (KOHA)
Source of classification or shelving scheme Dewey Decimal Classification
Item type Urdu Bks
Classification part 846
Call number suffix ل ط ف
Holdings
Withdrawn status Lost status Materials specified (bound volume or other part) Not for loan Collection code Home library Current library Date acquired Source of acquisition Cost, normal purchase price Full call number Barcode Copy number Cost, replacement price Koha item type
    V-1   Non-fiction Central Library Central Library 26/09/2012 RBC/7/40/120/20-03-12/28329/23-03-12/30-03-12 300.00 846 ل ط ف B-472653 1 300.00 Urdu Bks
    V-2   Non-fiction Central Library Central Library 26/09/2012 RBC/7/40/120/20-03-12/28329/23-03-12/30-03-12 400.00 846 ل ط ف B-472654 1 400.00 Urdu Bks
    V-2   Non-fiction D.B.Act.Division D.B.Act.Division 07/01/2013   400.00 846 ل ط ف U-6622 1 300.00 Urdu Bks
    V-1   Non-fiction D.B.Act.Division D.B.Act.Division 07/01/2013   300.00 846 ل ط ف U-6621 1 300.00 Urdu Bks

© Delhi Public Library
Hit Counter
free hit counter